=LDR 00000nam 2200000 4500 =001 000657 =005 20250712025810 =035 ##$$a 0010-0725000525 =007 ta =008 250712################a##########0#ind## =020 ##$$a 978-623-307-501-5 =082 ##$$a 398.209 598 =100 #$$a Komar Rien Komar Cheh =245 1#$$a Dia sudah punya! /$c Komar Rien Komar Cheh =250 ##$$a Pertama =260 ##$$a Jakarta :$b Badan pengembangan dan pembinaan bahasa,$c 2022 =300 ##$$a 16hlm. : $b ilus. ; $c 21,5 cm =650 #4$$a Cerita anak Indonesia terjemahan =650 #4$$a Literasi bahan bacaan =700 #$$a Houy Heang =084 ##$$a 398.209 598 KOM d =990 ##$$a TBM202400425